• 首页
  • 本馆介绍
  • 公告通知
  • 最新文献
  • 馆藏检索
  • 电子资源
  • 读者荐购
  • 参考咨询
  • CALIS
  • 我的图书馆
  • 登录
  • 详细信息显示
  • 放入我的书架
  • 预约/预借图书
  • 作者相关作品
  • 分类相关作品
  • 丛书相关作品
  • 出版社相关作品

书目信息

  • 表格格式
  • 工作单格式
  • 卡片格式
题名:
人體平衡養生手册
    
 
作者: 纪康宝 主编
分册:  
出版信息: 武汉   长江文艺出版社  2008.10
页数: 13, 281页
开本: 24cm
丛书名:
单 册:
中图分类: R212
科图分类:
主题词: 养生 (中医)--yang sheng(zhong yi)--基本知识
电子资源:
ISBN: 978-7-5354-3813-3
 
 
 
 
 
000 00866nam0 2200241 450
001 012009961876
005 20090623194441.78
010    @a978-7-5354-3813-3@dCNY29.00
100    @a20090623d2008 em y0chi0120 ea
101 0  @achi
102    @aCN@b420000
105    @ay z 000yy
106    @ar
200 1  @a人體平衡養生手册@Aren ti ping heng yang sheng shou ce@f纪康宝主编@Fji kang bao zhu bian
210    @a武汉@c长江文艺出版社@d2008.10
215    @a13, 281页@d24cm
330    @a本书结合大量案例,将深奥的医学养生知识,用通俗易懂的语言,深入浅出的阐述出来,并联系实际,总结了多套具体的养身方法的技巧。
518 1  @a人体平衡养生手册@Aren ti ping heng yang sheng shou ce
606 0  @a养生 (中医)@Ayang sheng(zhong yi)@x基本知识
690    @aR212@v4
701  0 @a纪康宝@Aji kang bao@4主编
801  0 @aCN@bQSSK@c20090623
905    @b748927-29@dR212@eJ134@f3
    
    人體平衡養生手册/纪康宝主编.-武汉:长江文艺出版社,2008.10
    13, 281页;24cm
    
    
    ISBN 978-7-5354-3813-3:CNY29.00
    本书结合大量案例,将深奥的医学养生知识,用通俗易懂的语言,深入浅出的阐述出来,并联系实际,总结了多套具体的养身方法的技巧。
●
相关链接 在E读中查询图书 在当当中查询图书 在豆瓣中查询图书


正题名:人體平衡養生手册     索取号:R212/J134         预约/预借

序号 登录号 条形码 馆藏地/架位号 状态 备注
1 748927   207489270   自科库401/401自科库 9排1列1层/ [索取号:R212/J134] 在馆    
2 748928   207489289   自科库401/401自科库 9排1列1层/ [索取号:R212/J134] 在馆    
3 748929   207489298   自科库401/401自科库 9排1列1层/ [索取号:R212/J134] 在馆    
河南城建学院图书馆 欢迎您!
大连网信软件有限公司© 版权所有